| 000 | 01172nam a2200361 i 4500 | ||
|---|---|---|---|
| 001 | 7289 | ||
| 003 | KOSZ 005 | ||
| 005 | 20220512130823.0 | ||
| 008 | 070608s1971 pl a |000 0 pol | ||
| 015 | _aPB 1971/5558 | ||
| 035 | _a(OCoLC)749640687 | ||
| 040 |
_aWA N _cKOSZ 005/HR _dKOSZ 005/HR |
||
| 046 | _k1971 | ||
| 080 | _a519.2 | ||
| 080 | _a621.37/.39 | ||
| 100 | 1 |
_aSobczak, Wojciech. _eAutor |
|
| 245 | 1 | 0 |
_aMetody statystyczne w elektronice / _cWojciech Sobczak. |
| 260 |
_aWarszawa : _bWydawnictwa Naukowo-Techniczne, _cdr. 1971. |
||
| 300 |
_a307, [1] s. : _bil. ; _c23 cm. |
||
| 380 | _aKsiążki. | ||
| 388 | _a1901- | ||
| 490 | 1 | _aPodręczniki Akademickie. Elektronika. | |
| 504 | _aBibliogr. | ||
| 658 | _aInżynieria i technika | ||
| 658 | _aMatematyka | ||
| 655 | 4 | _aPodręczniki akademickie | |
| 650 | 4 | _aElektronika | |
| 650 | 4 | _aStatystyka matematyczna | |
| 710 | 2 |
_aWydawnictwa Naukowo-Techniczne _4pbl. |
|
| 856 |
_uhttp://koha.tu.koszalin.pl/cgi-bin/koha/opac-detail.pl?biblionumber=7289 _yKatalog online BPK |
||
| 830 | 0 |
_aPodręczniki Akademickie. _pElektronika |
|
| 942 |
_2UKD _cKS |
||
| 999 |
_c7289 _d7289 |
||